000 00792nam a2200265 i 4500
001 18853
003 ES-MaACL
005 20230906151934.0
007 t|
008 020321s2000 sp ||||0| spa j
020 _a84-406-9657-4
040 _aM-BN
_bspa
_cM-BN
080 _a946.0"1981"
100 1 _aMora, Francisco (
_qMora Martínez)
_982856
245 1 3 _aEl elefante blanco
_b: la investigación más completa sobre el 23-F /
_cFrancisco Mora.
250 _a1ª ed.
260 _aBarcelona :
_bEdiciones B,
_c2000.
300 _a296 p. ;
_c23 cm.
490 1 _aCrónica actual
500 _aIndice.
651 4 _aEspaña-
_xHistoria-
_y1981, Golpe de Estado.
_98339
830 0 _aCrónica actual
_9180526
852 _aES-MaACL
_jG-4682
_bR.130916
999 _c18853
_d18853